| 000 | 01078nac a22002651u 4500 | ||
|---|---|---|---|
| 010 | _a 2006030545 | ||
| 020 | _a9780849332166 (0-8493-3216-8 : alk. paper) | ||
| 020 | _a0849332168 (0-8493-3216-8 : alk. paper) | ||
| 035 | _a(OCoLC)ocm71369213 | ||
| 035 | _a(OCoLC)71369213 | ||
| 082 | 0 | 0 |
_a670 _bGRO |
| 090 |
_c8332 _d8332 |
||
| 100 | _aGroza, Joanna R. [ed.] | ||
| 245 | 0 | 0 |
_aMaterials processing handbook / _cedited by Joanna R. Groza ... [et al.]. |
| 260 |
_aLondon : _bCRC Press,2007. _cc2007. |
||
| 300 |
_a1 v. (various pagings) : _bill. ; _c27 cm. |
||
| 500 | _aDistributer: Al-Ahram | ||
| 504 | _aIncludes bibliographical references and index. | ||
| 511 | _aCatalogued by: Sara | ||
| 650 | 0 |
_aManufacturing processes _vHandbooks, manuals, etc. |
|
| 650 | 0 |
_aMaterials science _vHandbooks, manuals, etc. |
|
| 856 | 4 | 1 |
_3Table of contents only _uhttp://www.loc.gov/catdir/toc/ecip071/2006030545.html |
| 856 | 4 | 1 |
_3Publisher description _uhttp://www.loc.gov/catdir/enhancements/fy0730/2006030545-d.html |
| 942 |
_cNB _k670GRO |
||
| 999 |
_c8332 _d8332 |
||